Les 15 plus grand pays du monde - Statistiques

Statistiques générales
  • Ce quiz a été pris 1 108 fois
  • Le résultat moyen est 11 sur 15
Statistiques - réponses
Superficie pays % Correct
1. 17 098 242 km² Russie
99%
3. 9 596 961 km² Chine
96%
2. 9 984 670 km² Canada
94%
4. 9 525 067 km² états-unis
93%
5. 8 515 767 km² Brésil
91%
7. 3 287 263 km² Inde
83%
6. 7 692 024 km² Australie
82%
10. 2 381 741 km² Algérie
78%
8. 2 780 400 km² Argentine
78%
13. 1 964 375 km² Mexique
67%
11. 2 344 858 km² République démocratique du Congo
60%
9. 2 724 900 km² Kazakhstan
56%
14. 1 910 931 km² Indonésie
46%
12. 2 149 690 km² Arabie Saoudite
45%
15. 1 886 068 km² Soudan
33%
Aucun quiz correspondant
Distribution des résultats
% des personnes avec chaque résultat
Percentile par nombre de réponses
Votre historique - résultats
Vous n’avez pas pris ce quiz